000 00564nam a2200205Ia 4500
003 GCL
008 140319s9999 xx 000 0 ara d
040 _aGCL /
_cGCL
082 0 4 _aط
_b355.16
_bا ع
100 1 _aاسماعيل عبدالفتاح
245 1 0 _aالعلم المصرى /
_cاسماعيل عبدالفتاح
300 _a23 ص
490 _aسلسلة رموز مصرية
_v0
650 0 4 _aالعلم
650 0 4 _aالاطفال
650 0 4 _aقصص الاطفال
650 0 4 _aالنيل
650 0 4 _aالاهرام
942 _2ddc
_cBK
999 _c51493
_d51493